<?xml version="1.0" encoding="UTF-8"?><marc:collection xmlns:marc="http://www.loc.gov/MARC21/slim">
  <marc:record>
    <marc:leader>00000nam  2200000za 4500</marc:leader>
    <marc:controlfield tag="001">9.856178</marc:controlfield>
    <marc:controlfield tag="003">CaOODSP</marc:controlfield>
    <marc:controlfield tag="005">20221107155500</marc:controlfield>
    <marc:controlfield tag="007">cr |||||||||||</marc:controlfield>
    <marc:controlfield tag="008">180504s2018    nscbd   ob   f000 0 fre d</marc:controlfield>
    <marc:datafield tag="040" ind1=" " ind2=" ">
      <marc:subfield code="a">CaOODSP</marc:subfield>
      <marc:subfield code="b">fre</marc:subfield>
    </marc:datafield>
    <marc:datafield tag="043" ind1=" " ind2=" ">
      <marc:subfield code="a">n-cn-nk</marc:subfield>
      <marc:subfield code="a">n-cn-ns</marc:subfield>
    </marc:datafield>
    <marc:datafield tag="086" ind1="1" ind2=" ">
      <marc:subfield code="a">Fs70-7/2018-020F-PDF</marc:subfield>
    </marc:datafield>
    <marc:datafield tag="245" ind1="0" ind2="0">
      <marc:subfield code="a">Mise à jour sur l'état du stock de morues franches (Gadus morhua) dans les divisions 4X et 5Yb de l'OPANO </marc:subfield>
      <marc:subfield code="h">[ressource électronique].</marc:subfield>
    </marc:datafield>
    <marc:datafield tag="246" ind1="1" ind2="7">
      <marc:subfield code="a">Réponse des sciences : </marc:subfield>
      <marc:subfield code="b">mise à jour sur l'état du stock de morues franches des divisions 4X et 5Yb</marc:subfield>
    </marc:datafield>
    <marc:datafield tag="260" ind1=" " ind2=" ">
      <marc:subfield code="a">Dartmouth, N.-É. : </marc:subfield>
      <marc:subfield code="b">Centre des avis scientifiques (CAS), Région des Maritimes, Pêches et océans Canada, Institut océanographique de Bedford, </marc:subfield>
      <marc:subfield code="c">2018.</marc:subfield>
    </marc:datafield>
    <marc:datafield tag="300" ind1=" " ind2=" ">
      <marc:subfield code="a">10 p. : </marc:subfield>
      <marc:subfield code="b">carte, graph. (certaines en coul.)</marc:subfield>
    </marc:datafield>
    <marc:datafield tag="490" ind1="1" ind2=" ">
      <marc:subfield code="a">Réponse des sciences, </marc:subfield>
      <marc:subfield code="x">1919-3815 ; </marc:subfield>
      <marc:subfield code="v">2018/020</marc:subfield>
    </marc:datafield>
    <marc:datafield tag="500" ind1=" " ind2=" ">
      <marc:subfield code="a">Publ. aussi en anglais sous le titre : Stock status update of Atlantic cod (Gadus morhua) in NAFO divisions 4X5Yb.</marc:subfield>
    </marc:datafield>
    <marc:datafield tag="500" ind1=" " ind2=" ">
      <marc:subfield code="a">Titre de départ.</marc:subfield>
    </marc:datafield>
    <marc:datafield tag="500" ind1=" " ind2=" ">
      <marc:subfield code="a">« Avril 2018. »</marc:subfield>
    </marc:datafield>
    <marc:datafield tag="504" ind1=" " ind2=" ">
      <marc:subfield code="a">Comprend des références bibliographiques (p. 5).</marc:subfield>
    </marc:datafield>
    <marc:datafield tag="520" ind1=" " ind2=" ">
      <marc:subfield code="a">« En 2003, le Comité sur la situation des espèces en péril au Canada (COSEPAC) a évalué l'unité désignable de la morue franche des Maritimes comme espèce préoccupante. En 2010, le COSEPAC a divisé l'UD des Maritimes en deux nouvelles UD, celle du Sud laurentien et celle du Sud, incluant les divisions 4X et 5Yb de l'OPANO, et a réévalué le stock de l'UD du Sud comme étant en voie de disparition en raison d'un déclin significatif de la biomasse et d'éléments probants faisant état d'une augmentation inexpliquée de la mortalité naturelle dans la division 4X de l'OPANO. La dernière mise à jour de l'état du stock de morues franches des divisions 4X et 5Yb remonte à 2016, et la présente réponse des Sciences résulte d'une demande de mise à jour de l'état du stock émanant de Gestion des ressources (Région des Maritimes) et utilise les relevés estivaux par navire scientifique les plus récents (2016-2017) et les données sur les débarquements jusqu'à 2016 » -- Contexte, p. [1].</marc:subfield>
    </marc:datafield>
    <marc:datafield tag="693" ind1=" " ind2="4">
      <marc:subfield code="a">Morue</marc:subfield>
    </marc:datafield>
    <marc:datafield tag="693" ind1=" " ind2="4">
      <marc:subfield code="a">Zone de pêche</marc:subfield>
    </marc:datafield>
    <marc:datafield tag="693" ind1=" " ind2="4">
      <marc:subfield code="a">Ressources halieutiques--Évaluation</marc:subfield>
    </marc:datafield>
    <marc:datafield tag="710" ind1="1" ind2=" ">
      <marc:subfield code="a">Canada. </marc:subfield>
      <marc:subfield code="b">Ministère des pêches et des océans. </marc:subfield>
      <marc:subfield code="b">Région des Maritimes.</marc:subfield>
    </marc:datafield>
    <marc:datafield tag="710" ind1="2" ind2=" ">
      <marc:subfield code="a">Secrétariat canadien de consultation scientifique.</marc:subfield>
    </marc:datafield>
    <marc:datafield tag="775" ind1="0" ind2="8">
      <marc:subfield code="t">Stock status update of Atlantic cod (Gadus morhua) in NAFO divisions 4X5Yb </marc:subfield>
      <marc:subfield code="w">(CaOODSP)9.856176</marc:subfield>
    </marc:datafield>
    <marc:datafield tag="830" ind1="#" ind2="0">
      <marc:subfield code="a">Réponse des sciences (Secrétariat canadien de consultation scientifique)</marc:subfield>
      <marc:subfield code="x">1919-3815 ; </marc:subfield>
      <marc:subfield code="v">2018/020.</marc:subfield>
      <marc:subfield code="w">(CaOODSP)9.502630</marc:subfield>
    </marc:datafield>
    <marc:datafield tag="856" ind1="4" ind2="0">
      <marc:subfield code="q">PDF</marc:subfield>
      <marc:subfield code="s">642 Ko</marc:subfield>
      <marc:subfield code="u">https://publications.gc.ca/collections/collection_2018/mpo-dfo/fs70-7/Fs70-7-2018-020-fra.pdf</marc:subfield>
    </marc:datafield>
  </marc:record>
</marc:collection>
